Mabisang pagpapahayag retorika (Record no. 2205)

MARC details
000 -LEADER
fixed length control field 00473nam a22001697a 4500
003 - CONTROL NUMBER IDENTIFIER
control field URS
005 - DATE AND TIME OF LATEST TRANSACTION
control field 20220117090740.0
008 - FIXED-LENGTH DATA ELEMENTS--GENERAL INFORMATION
fixed length control field 191007s2002 ph |||| |||| 00| 0 eng d
020 ## - INTERNATIONAL STANDARD BOOK NUMBER
International Standard Book Number 9717250804
040 ## - CATALOGING SOURCE
Transcribing agency URS
Language of cataloging eng
Modifying agency rda
050 14 - LIBRARY OF CONGRESS CALL NUMBER
Classification number PL 6054
Item number .M1127 2002
100 ## - MAIN ENTRY--PERSONAL NAME
Personal name Mag-Atas,Rosario U.
245 10 - TITLE STATEMENT
Title Mabisang pagpapahayag retorika
Statement of responsibility, etc. Rosarrio U. Mag-Atas
260 ## - PUBLICATION, DISTRIBUTION, ETC.
Place of publication, distribution, etc. MakatiCity:
Name of publisher, distributor, etc. GrangWater Publications;
Date of publication, distribution, etc. [2002]
300 ## - PHYSICAL DESCRIPTION
Extent ix 263 pages;
Dimensions 21cm.
942 ## - ADDED ENTRY ELEMENTS (KOHA)
Source of classification or shelving scheme Library of Congress Classification
Koha item type Filipiniana
Holdings
Withdrawn status Source of classification or shelving scheme Damaged status Not for loan Collection code Home library Current library Shelving location Date acquired Total Checkouts Full call number Barcode Date last seen Price effective from Koha item type Copy number
  Library of Congress Classification     Non-fiction Cainta College Library Cainta College Library On Display 10/09/2017   PL6054.M1127 2002 URSCAI-1148 10/09/2017 10/09/2017 Filipiniana  
  Library of Congress Classification     Non-fiction Cardona College LIbrary Cardona College LIbrary General Stacks 10/16/2019   PL 6059 M378a 2003 URSCAR-657 10/16/2019 10/16/2019 Filipiniana  
  Library of Congress Classification     Non-fiction Cardona College LIbrary Cardona College LIbrary General Stacks 10/21/2019   PL 6059 M378a 2003 URSCAR-966 10/21/2019 10/21/2019 Filipiniana  
  Library of Congress Classification     Non-fiction Pililla College Library Pililla College Library General Stacks 10/30/2017   808 M27 2002 URSPIL-1509 07/24/2018 10/30/2017 Filipiniana 1

University of Rizal System
Email us at univlibservices@urs.edu.ph

Visit our Website www.urs.edu.ph/library